000 00860nam a2200217 a 4500
008 120223s2010 ||||||||||||||||| || u
020 _a9780080450841
050 _aRM 735 Occ
100 _aSupyk-Mellson, Jo-anne
245 1 0 _aOccupational therapy and physical dysfunction: enabling occupation. -- 6th ed.
_cedited by Michael Curtin, Matthew Molineux and Jo-anne Supyk-Mellson
250 _a6th ed.
260 _aOxford:
_bElsevier
_c2010
300 _axvii, 674p.: ill.
350 _a0.00
650 _aMEDICINE
650 2 _aOCCUPATIONAL THERAPY
650 _aDISABLED PERSONS--REHABILITATION
700 _aMolineux, Matthew
700 _aCurtin, Michael
995 _aMEDICAL LIBRARY OPEN ACCESS
_D0.00
_e901652
_FCBU-SCHOOL OF MEDICINE LIBRARY (Ndola)
_H1
_I0.00
_jRM 735 OCC
_M1
_UAVAILABLE
_WMar 22, 2012
_y901652
_ZMedical Library Open Access Collection
999 _c32244
_d32244